Top 9 piłkarzy LaLiga w FC 2025 - Statystyki

Ogólne statystyki
  • Ten quiz został rozwiązany 184 razy
  • Średni wynik to 9 z 10
Statystyki odpowiedzi
Piłkarz Narodowość Klub Pozycja Ocena ogólna % Poprawnych
Kylian Mbappé Francja Real Madryt Napastnik 91
99%
Robert Lewandowski Polska FC Barcelona Napastnik 88
98%
Vini Jr. Brazylia Real Madryt Napastnik 90
98%
Marc-André ter Stegen Niemcy FC Barcelona Bramkarz 89
95%
Antonio Rüdiger Niemcy Real Madryt Obrońca 88
93%
Jude Bellingham Anglia Real Madryt Pomocnik 90
93%
Jan Oblak Słowenia Atlético Madryt Bramkarz 88
92%
Federico Valverde Urugwaj Real Madryt Pomocnik 88
91%
Thibaut Courtois Belgia Real Madryt Bramkarz 89
86%
Antoine Griezmann Francja Atlético Madryt Napastnik 88
85%
Nie znaleziono quizów pasujących do podanych kryteriów
Rozkład punktacji
Procent ludzi z każdym wynikiem
Percentyl według liczby udzielonych odpowiedzi
Twoja historia wyników
Nie rozwiązałeś tego quizu